Awesome Border Crossings Quiz Stats

 Plays Quiz Updated Jun 28, 2014

Support Sporcle.
Go Orange.
Score 0/18 Timer 07:00
3 Plays Today
% Correct
Netherlands - Belgium
90.8%
USA - Canada
84.4%
Italy - Vatican City
69.3%
China - Nepal
66.4%
Chile - Argentina
63.7%
USA - Mexico
61.3%
North Korea - South Korea
59.3%
Norway - Sweden
58.6%
Pakistan - India
56.8%
% Correct
Spain - Morocco
54.2%
UK - Spain
51.9%
Afghanistan - Pakistan
51.4%
Egypt - Israel - Palestine
50%
Haiti - Dominican Republic
36.4%
Brazil - Bolivia
27%
Argentina - Brazil
26.7%
Austria - Hungary - Slovakia
14.2%
Poland - Ukraine
13.4%

You're not logged in!

Compare scores with friends on all Sporcle quizzes.
OR
Log In

From the Vault

Geography 'I' Blitz

by nspyred

Can't take your eyes off this quiz for a second.
Remove Ads.
Support Sporcle.
Get the best of Sporcle when you Go Orange. This ad-free experience offers more features, more stats, and more fun while also helping to support Sporcle. Thank you for becoming a member.

Show Comments

Extras

Top Quizzes Today


Score Distribution

Your Account Isn't Verified!

In order to create a playlist on Sporcle, you need to verify the email address you used during registration. Go to your Sporcle Settings to finish the process.

Report this User

Report this user for behavior that violates our Community Guidelines.

Details: